Mechanics for engineers : Dynamics

The first book published in the Beer and Johnston Series, Mechanics for Engineers: Dynamics is a scalar-based introductory dynamics text, ideally suited for engineering technology programs, providing first-rate treatment of rigid bodies without vector mechanics. This new edition provides an extensiv...

全面介紹

Đã lưu trong:
書目詳細資料
主要作者: Beer, Ferdinand Pierre
格式: 圖書
語言:Undetermined
出版: New York McGraw-Hill 1987
主題:
標簽: 添加標簽
沒有標簽, 成為第一個標記此記錄!
Thư viện lưu trữ: Trung tâm Học liệu Trường Đại học Cần Thơ
LEADER 01193nam a2200217Ia 4500
001 CTU_166694
008 210402s9999 xx 000 0 und d
020 |c 161 
082 |a 620.1 
082 |b B415 
100 |a Beer, Ferdinand Pierre 
245 0 |a Mechanics for engineers : 
245 0 |b Dynamics 
245 0 |c Ferdinand Pierre Beer, Elwood Russell Johnston 
260 |a New York 
260 |b McGraw-Hill 
260 |c 1987 
520 |a The first book published in the Beer and Johnston Series, Mechanics for Engineers: Dynamics is a scalar-based introductory dynamics text, ideally suited for engineering technology programs, providing first-rate treatment of rigid bodies without vector mechanics. This new edition provides an extensive selection of new problems and end-of-chapter summaries. The text brings the careful presentation of content, unmatched levels of accuracy, and attention to detail that have made Beer and Johnston texts the standard for excellence in engineering mechanics education. 
650 |a Mechanics, Applied,Dynamics,Cơ khí, Ứng dụng,Động lực học 
904 |i Trúc 
980 |a Trung tâm Học liệu Trường Đại học Cần Thơ